Introduction to development economics (Record no. 12007)

MARC details
000 -LEADER
fixed length control field 00577 a2200217 4500
001 - CONTROL NUMBER
control field 139328
003 - CONTROL NUMBER IDENTIFIER
control field OSt
005 - DATE AND TIME OF LATEST TRANSACTION
control field 20251205145625.0
008 - FIXED-LENGTH DATA ELEMENTS--GENERAL INFORMATION
fixed length control field
020 ## - INTERNATIONAL STANDARD BOOK NUMBER
International Standard Book Number 9780415280761
082 ## - DEWEY DECIMAL CLASSIFICATION NUMBER
Classification number 338.9
Item number G34I
100 1# - MAIN ENTRY--PERSONAL NAME
Personal name Ghatak, Subrata
245 1# - TITLE STATEMENT
Title Introduction to development economics
Statement of responsibility, etc by Subrata Ghatak
250 ## - EDITION STATEMENT
Edition statement 4th ed.
260 ## - PUBLICATION, DISTRIBUTION, ETC. (IMPRINT)
Place of publication, distribution, etc London
Name of publisher, distributor, etc Routledge
Date of publication, distribution, etc 2003
300 ## - PHYSICAL DESCRIPTION
Extent 458p.
546 ## - LANGUAGE NOTE
Language note english
650 ## - SUBJECT ADDED ENTRY--TOPICAL TERM
Topical term or geographic name as entry element Economics
653 ## - INDEX TERM--UNCONTROLLED
Uncontrolled term Development economics; Economic development; Developing countries
942 ## - ADDED ENTRY ELEMENTS (KOHA)
Source of classification or shelving scheme Dewey Decimal Classification
Koha item type Books
Holdings
Withdrawn status Lost status Source of classification or shelving scheme Damaged status Not for loan Collection code Home library Current library Department Date acquired Source of acquisition Cost, normal purchase price Inventory number(Invoice/Date) Total Checkouts Full call number Barcode Date last seen Date checked out Price effective from Koha item type
    Dewey Decimal Classification     General Text Book Central University Of Rajasthan Central University Of Rajasthan Economics 12/03/2014 Researchco 4467.34 36126/13-8-13 3 338.9 G34I 15199 03/09/2025 20/08/2025 02/09/2020 Books
            Central University Of Rajasthan Central University Of Rajasthan   17/03/2017       3 338.9 G34I 29928 05/09/2025 22/07/2025 02/09/2020 Books